|
|
|
|
| LEADER |
00000cam a2200000 7i4500 |
| 001 |
0000031952 |
| 005 |
20120425.0 |
| 008 |
120425 |
| 020 |
|
|
|a 9834358242
|
| 090 |
0 |
0 |
|a 746.44
|b ROS
|
| 100 |
1 |
|
|a Rosita Jaafar
|
| 245 |
1 |
0 |
|a Teknik melakar corak sulaman :
|b manik labuci, kristal, benang
|c Rosita Jaafar
|
| 246 |
1 |
0 |
|a Embroidery designing techniques
|b beads, sequins, crystals, thread
|
| 260 |
|
|
|a Selangor :
|b FTIM Designing Centre ,
|c 2009
|
| 546 |
|
|
|a Teks sejajar bahasa Malaysia & Inggeris
|
| 650 |
|
0 |
|a Beadwork
|x patterns
|
| 650 |
|
0 |
|a Embroidery
|x patterns
|
| 999 |
|
|
|a 0001142709
|b Book
|c Adult Collection
|e Perbadanan Perpustakaan Awam Johor
|
| 999 |
|
|
|a 0001142711
|b Book
|c Adult Collection
|e Perbadanan Perpustakaan Awam Johor
|
| 999 |
|
|
|a 0001155513
|b Book
|c Adult Collection
|e Cawangan Bandar Penawar
|
| 999 |
|
|
|a 0001155514
|b Book
|c REFERENCE
|e Cawangan Taman Universiti
|
| 999 |
|
|
|a 0001155515
|b Book
|c Adult Collection
|e Cawangan Tmn. Ungku Tun Aminah
|
| 999 |
|
|
|a 0001155517
|b Book
|c Adult Collection
|e Cawangan Mersing
|
| 999 |
|
|
|a 0001155519
|b Book
|c Adult Collection
|e Cawangan Pontian
|
| 999 |
|
|
|a 0001155520
|b Book
|c Adult Collection
|e Cawangan Segamat
|
| 999 |
|
|
|a 0001155522
|b Book
|c Adult Collection
|e Cawangan Bukit Gambir
|
| 999 |
|
|
|a 0001155523
|b Book
|c Adult Collection
|e Cawangan Tangkak
|
| 999 |
|
|
|a 0001155525
|b Book
|c Adult Collection
|e Cawangan Muar
|
| 999 |
|
|
|a 0001155527
|b Book
|c Adult Collection
|e Cawangan Segamat
|